[Event "15th European Team Championshi"]
[Site "?"]
[Date "2005.08.07"]
[Round "9.19"]
[White "Muir, Andrew"]
[Black "Berend, Elvira"]
[Result "1/2-1/2"]
[WhiteElo "2322"]
[BlackElo "2350"]
[PlyCount "53"]
[EventDate "2005.07.30"]

1. d4 Nf6 2. c4 g6 3. Nc3 Bg7 4. e4 d6 5. f3 O-O 6. Be3 c5 7. Nge2 cxd4 8. Nxd4
Nc6 9. Be2 Bd7 10. O-O Nxd4 11. Bxd4 a5 12. Qd2 Bc6 13. Rab1 Nd7 14. Be3 Nc5
15. b3 Qb6 16. Rfe1 Rfc8 17. a3 Qd8 18. b4 axb4 19. axb4 Na4 20. Nd1 Bd7 21.
Nf2 Be6 22. Bd4 Bxd4 23. Qxd4 Qb6 24. Qxb6 Nxb6 25. c5 dxc5 26. bxc5 Nd7 27.
Rxb7 1/2-1/2

[Event "15th European Team Championshi"]
[Site "?"]
[Date "2005.08.07"]
[Round "9.19"]
[White "McNab, Colin"]
[Black "Bakalarz, Mieczyslaw"]
[Result "1-0"]
[WhiteElo "2451"]
[BlackElo "2423"]
[PlyCount "171"]
[EventDate "2005.07.30"]

1. c4 Nf6 2. Nf3 g6 3. g3 Bg7 4. Bg2 d5 5. cxd5 Nxd5 6. d4 Nb6 7. Nc3 Nc6 8. e3
e5 9. d5 Ne7 10. e4 Bg4 11. a4 c6 12. a5 Nbc8 13. O-O cxd5 14. exd5 Nd6 15.
Qa4+ Qd7 16. Qxd7+ Bxd7 17. Re1 f6 18. Be3 Kf7 19. Bc5 Nec8 20. Nd2 Rd8 21.
Rec1 f5 22. Bf1 Rb8 23. Nc4 Nxc4 24. Bxc4 b6 25. axb6 axb6 26. Bb4 Bf8 27. Bxf8
Kxf8 28. Bb3 Nd6 29. Ra7 Rb7 30. Rca1 Rdb8 31. Rxb7 Rxb7 32. Re1 e4 33. f3 exf3
34. Kf2 b5 35. Kxf3 b4 36. Ne2 Ne4 37. Ke3 Nc5 38. Bc4 Bb5 39. Bxb5 Rxb5 40.
Kd4 Nb7 41. Rc1 Nd8 42. Nf4 g5 43. Nd3 Ke7 44. Ra1 b3 45. Ra7+ Rb7 46. Ra6 Nf7
47. Re6+ Kd8 48. Rf6 Ke7 49. Rxf5 Ra7 50. Rf2 Ra4+ 51. Kc3 Ra5 52. Nb4 Rc5+ 53.
Kxb3 Nd6 54. Rc2 Rb5 55. Rc7+ Kf6 56. Rxh7 Nf7 57. g4 Rb8 58. Rh3 Ne5 59. Rg3
Ke7 60. Kc3 Kd6 61. b3 Rf8 62. h3 Rf1 63. Nd3 Nd7 64. Re3 Kxd5 65. Re7 Kd6 66.
Rg7 Nf6 67. Kd4 Rf3 68. Rxg5 Rxh3 69. Rg6 Ke7 70. b4 Rh1 71. g5 Rh4+ 72. Ke5
Nd7+ 73. Kd5 Kf7 74. Ra6 Rh5 75. Kd6 Nf8 76. Ne5+ Kg8 77. g6 Rg5 78. Ra8 Kg7
79. Ra7+ Kg8 80. g7 Nh7 81. b5 Nf6 82. b6 Ne4+ 83. Kd5 Nc3+ 84. Kc4 Ne4 85. Nf7
Rxg7 86. b7 1-0

[Event "15th European Team Championshi"]
[Site "?"]
[Date "2005.08.07"]
[Round "9.19"]
[White "Berend, Fred"]
[Black "Shaw, John"]
[Result "1-0"]
[WhiteElo "2374"]
[BlackElo "2449"]
[PlyCount "77"]
[EventDate "2005.07.30"]

1. e4 c5 2. Nf3 a6 3. g3 d6 4. Bg2 Nf6 5. Nc3 Bg4 6. h3 Bxf3 7. Qxf3 Nc6 8. O-O
g6 9. d3 Bg7 10. Qe2 Nd4 11. Qd1 Rb8 12. Nd5 Nd7 13. Rb1 O-O 14. Bg5 f6 15. Be3
e6 16. c3 exd5 17. cxd4 c4 18. exd5 cxd3 19. Qxd3 f5 20. Rfe1 Re8 21. Re2 Qb6
22. Rd1 Nf6 23. Kh2 Re7 24. Rc2 Rbe8 25. a4 Kf7 26. Qa3 Ne4 27. a5 Qb5 28. Bf4
Qxd5 29. Bf1 Qe6 30. f3 Nf6 31. Qxd6 Rd7 32. Qxe6+ Rxe6 33. Rc5 Bf8 34. Rc8 Nd5
35. Bc4 Re8 36. Rc7 Ree7 37. Rc5 Ke6 38. Re1+ Kf6 39. Be5+ 1-0

[Event "15th European Team Championshi"]
[Site "?"]
[Date "2005.08.07"]
[Round "9.20"]
[White "Klerides, Paris"]
[Black "Mogranzini, Roberto"]
[Result "1/2-1/2"]
[WhiteElo "2224"]
[BlackElo "2363"]
[PlyCount "159"]
[EventDate "2005.07.30"]

1. e4 c5 2. Nf3 e6 3. d4 cxd4 4. Nxd4 a6 5. Nc3 Qc7 6. Bd3 Nc6 7. Be3 Nf6 8.
O-O h5 9. h3 Bd6 10. Re1 Bh2+ 11. Kh1 Nxd4 12. Bxd4 Be5 13. Bxe5 Qxe5 14. Qd2
g5 15. Nd5 Nxd5 16. exd5 Qf6 17. Be4 Rb8 18. c4 O-O 19. Bf3 d6 20. dxe6 Bxe6
21. b3 b5 22. Qxd6 bxc4 23. bxc4 Kg7 24. Qe5 Bxc4 25. Bxh5 Rb2 26. Qxf6+ Kxf6
27. Kg1 Rxa2 28. Rxa2 Bxa2 29. Be2 Re8 30. Kf1 Bd5 31. Ra1 Bb7 32. f3 Re6 33.
Kf2 Rb6 34. Ra2 Ke7 35. g4 f6 36. Kg3 Rb3 37. h4 gxh4+ 38. Kxh4 Re3 39. Kg3 a5
40. Kf2 Re5 41. Bd3 Bc6 42. f4 Rc5 43. Ke3 Kd6 44. Kd4 a4 45. Ra1 Bd7 46. Rg1
a3 47. Ra1 Ra5 48. g5 fxg5 49. fxg5 Be6 50. Bb1 a2 51. Bxa2 Bxa2 52. g6 Rd5+
53. Ke4 Bc4 54. Rg1 Re5+ 55. Kf4 Re2 56. Kg5 Ke7 57. Rg4 Be6 58. Rf4 Rh2 59.
Rf1 Bc4 60. Rf3 Be2 61. Rf7+ Ke8 62. Rh7 Rg2+ 63. Kf6 Rf2+ 64. Kg7 Bd3 65. Rh3
Bc4 66. Re3+ Kd7 67. Kh6 Rh2+ 68. Kg7 Be6 69. Kf6 Rf2+ 70. Kg7 Ke7 71. Ra3 Rg2
72. Ra7+ Bd7 73. Ra3 Rb2 74. Ra7 Rb6 75. Kh7 Rb2 76. Rxd7+ Kxd7 77. g7 Rh2+ 78.
Kg6 Ke7 79. g8=Q Rg2+ 80. Kh7 1/2-1/2

[Event "15th European Team Championshi"]
[Site "?"]
[Date "2005.08.07"]
[Round "9.20"]
[White "Kassinopoullos, Doros"]
[Black "D'Amore, Carlo"]
[Result "0-1"]
[WhiteElo "2094"]
[BlackElo "2463"]
[PlyCount "36"]
[EventDate "2005.07.30"]

1. d4 d6 2. Nf3 g6 3. Bg5 Bg7 4. e3 c6 5. c3 Nd7 6. Be2 Qc7 7. Nbd2 Ngf6 8. O-O
O-O 9. a4 a5 10. b4 e5 11. Nb3 Ne4 12. Qc2 Nxg5 13. Nxg5 axb4 14. cxb4 exd4 15.
Nxd4 Qb6 16. Nf5 gxf5 17. Qxf5 Nf6 18. Qf4 h6 0-1

[Event "15th European Team Championshi"]
[Site "?"]
[Date "2005.08.07"]
[Round "9.20"]
[White "Godena, Michele"]
[Black "Antoniou, Antonis"]
[Result "1-0"]
[WhiteElo "2522"]
[BlackElo "2198"]
[PlyCount "99"]
[EventDate "2005.07.30"]

1. e4 e5 2. Nf3 Nc6 3. d4 exd4 4. Nxd4 Nf6 5. Nc3 Bb4 6. Nxc6 bxc6 7. Bd3 d5 8.
exd5 cxd5 9. O-O O-O 10. Bg5 c6 11. Ne2 Bg4 12. f3 Bd7 13. Kh1 h6 14. Bh4 Be7
15. c3 Nh5 16. Bf2 Bd6 17. Bc2 Qf6 18. Qd3 g6 19. Qd4 Rfe8 20. Qxf6 Nxf6 21.
Rfe1 c5 22. Rad1 Bb5 23. Nc1 Rxe1+ 24. Rxe1 Re8 25. Rxe8+ Bxe8 26. Nd3 c4 27.
Nc5 Bc6 28. Kg1 Bc7 29. Na6 Bb6 30. Nb4 Bb7 31. Ba4 Bxf2+ 32. Kxf2 a5 33. Bc6
Bxc6 34. Nxc6 Kf8 35. Ke3 Ke8 36. Nxa5 Kd7 37. b3 cxb3 38. axb3 Nh5 39. g3 Ng7
40. Kd4 Kd6 41. Nb7+ Ke7 42. Nc5 Kd6 43. Nb7+ Kc7 44. Na5 Kd6 45. b4 Nf5+ 46.
Kd3 g5 47. c4 dxc4+ 48. Nxc4+ Ke6 49. b5 Ne7 50. Kd4 1-0

[Event "15th European Team Championshi"]
[Site "?"]
[Date "2005.08.07"]
[Round "9.20"]
[White "Bruno, Fabio"]
[Black "Kyriakidis, Thrasos"]
[Result "1-0"]
[WhiteElo "2425"]
[BlackElo "2144"]
[PlyCount "61"]
[EventDate "2005.07.30"]

1. d4 Nf6 2. Nf3 e6 3. Bf4 c5 4. e3 Be7 5. h3 Qb6 6. Qc1 d5 7. Nbd2 Nc6 8. c3
Ne4 9. Nxe4 dxe4 10. Nd2 f5 11. Nc4 Qd8 12. dxc5 Bxc5 13. b4 Nxb4 14. cxb4
Bxb4+ 15. Nd2 Qa5 16. a3 Bc3 17. Bd6 Bxa1 18. Qxa1 Kf7 19. Be5 Rg8 20. Bc3 Qa4
21. Nc4 Bd7 22. Ne5+ Ke8 23. Qb2 a6 24. Qxb7 Rc8 25. Bd2 Rc5 26. Be2 a5 27.
Qb8+ Bc8 28. O-O Ke7 29. Qa7+ Kd6 30. Qb6+ Kd5 31. Rd1 1-0